00658nam a2200181 i 450000100060000000300090000600500170001500700030003200800410003510000290007624501070010526000370021230000250024970000340027485200310030899900170033995201200035680780ES-MaACL20230906174309.0t|041029s1971 sp ||||1| spa d1 aHouse, Herbert O.96434710aReacciones modernas de síntesis orgánica / cHerbert O. House ; [versión: Rogelio Areal Guerra]. aBarcelona : bReverté, c1971. aX, 312 p. ; c22 cm.1 aAreal Guerra, Rogelio.922560 aES-MaACLjA-6014 bR.95017 c80780d80780 00104070aATENEOMbATENEOMcSPP1d2008-01-17eSCl0oA-6014p1084454r2023-02-23 00:00:00w2023-02-23yMONOGRAFIA